| 000 | 01134cam a2200301 4500 | ||
|---|---|---|---|
| 001 | WS114073 | ||
| 008 | 010813n 000 0 eng u | ||
| 035 | _a(Sirsi) u114073 | ||
| 245 | _aInsolvency Service | ||
| 520 | _aWeb site for this executive agency of the DTI which deals with insolvency matters in England and Wales. Includes publications and guidance material, a list of official receivers, a glossary of terms, downloadable statutory and insolvency related forms and a searchable version of the list of insolvency practitioners. | ||
| 650 |
_aInsolvency _96247 |
||
| 650 | _aDTI | ||
| 650 | _aGOVERNMENT | ||
| 650 | _aCHARTER | ||
| 650 | _aOFFICIAL RECEIVERS | ||
| 650 | _aBANKRUPTCY | ||
| 650 | _aGLOSSARY | ||
| 650 | _aADMINISTRATIVE RECEIVERS | ||
| 650 | _aADMINISTRATOR | ||
| 650 | _aLIQUIDATION | ||
| 650 | _aFORMS | ||
| 650 | _aINSOLVENCY REGISTER | ||
| 650 | _aINSOLVENCY PRACTITIONERS | ||
| 650 |
_aManagement consultancy _96255 |
||
| 690 | _aMANAGEMENT-BUSINESS MANAGEMENT | ||
| 856 | 4 | 0 |
_uhttps://www.insolvency.gov.uk _zView the website free of charge at www.insolvency.gov.uk... |
| 942 | _n0 | ||
| 999 |
_c119811 _d119811 |
||